[Event "Klubbmesterskapet 2018 (B)"]
[Site "Ås, Akershus NOR"]
[Date "2018.03.15"]
[Round "6"]
[White "Samset, Jon"]
[Black "Bakken, Svein-Erik"]
[Result "0-1"]
[WhiteElo "1411"]
[BlackElo "1617"]
[Annotator "Lea, Per"]
[PlyCount "74"]
[EventDate "2018.01.11"]

1. d4 d5 2. b4 {I likhet med Trygve Olsen har også en forkjærlighet for "rare"
varianter. På ChessBase er det 21 forskjellige trekk som er spilt i denne
stillingen - og Jons valg er ikke blant dem. Åpningen kan minne litt om
Orangutang, også kalt Sokolskijs åpning (1.b4), men der er planen å følge opp
med å sette en løper på b2. Med bønder på d4 og d5 står ikke den løperen
spesielt godt der.} e6 3. a3 Nf6 4. Nc3 Be7 5. Nf3 O-O 6. e3 b6 7. Bd3 c5 8.
bxc5 bxc5 9. dxc5 Bxc5 10. O-O {Svart står behagelig, hvit har en potensiell
svakhet på c2.} Nc6 11. Rb1 Bd7 12. Ne2 e5 13. Bb5 Re8 14. Bxc6 ({I stedet for
å gi svart løperparet kunne hvit kvittet seg med svakheten på c2:} 14. c4 a6
15. Ba4 d4 16. exd4 Nxd4 ({Eller} 16... exd4)) 14... Bxc6 15. Ng3 Qc7 16. c3
Rad8 17. Nf5 Bd7 (17... Ne4 $1 18. Qc2 Qd7 19. Ng3 Ba4 20. Qb2 Nd6 {er
sannsynligvis enda bedre}) 18. Qc2 Qc8 19. N3h4 $2 Ne4 (19... e4 20. Ng3 g5 {
er enda mer avgjørende}) 20. Ng3 Nxg3 21. fxg3 d4 22. Qf2 dxe3 (22... dxc3 {
ser mer naturlig ut}) 23. Bxe3 Bxe3 24. Qxe3 {Hvit har sluppet unna det verste}
Qc7 25. Nf5 Bxf5 26. Rxf5 f6 27. h4 Qd7 28. g4 {Hvit er i ferd med å spille
seg inn i partiet igjen} Qd3 29. Qxd3 Rxd3 {Stockfish bekrefter "regelen":
tårnsluttspil er remis!} 30. Rb7 $1 Rxc3 31. Rxa7 Rg3 32. g5 fxg5 33. hxg5 e4
34. Kf2 $2 (34. Raa5 {for å få tårnet bak fribonden var nødvendig. En fribonde
understøttet av eget tårn er livsfarlig.}) 34... e3+ 35. Kxg3 $4 (35. Ke1 Rxg2
36. Raa5 Ra2 (36... Rb8 $2 37. Rab5 {unngår matt}) 37. Rfb5 Rc8 38. Rc5 Rxc5
39. Rxc5 Rxa3 40. g6 hxg6 (40... h6 $4 41. Rc8#) 41. Ke2 {og svart må nok
slite litt for å vinne bondesluttspillet etter at tårnene er byttet av på e3,
men det bør holde}) 35... e2 36. Rff7 e1=Q+ 37. Kh2 (37. Kh2 Qh4+ 38. Kg1 Re1+
39. Rf1 Qd4+ 40. Kh2 Rxf1 {er selvfølgelig håpløst}) 37... Qh4+ 0-1

[Event "Klubbmesterskapet 2018 (B)"]
[Site "Ås, Akershus NOR"]
[Date "2018.03.01"]
[Round "6"]
[White "Heien, Aksel"]
[Black "Stensland, Martin"]
[Result "1-0"]
[WhiteElo "1285"]
[BlackElo "1245"]
[PlyCount "79"]
[EventDate "2018.01.11"]

1. c4 c5 2. Nf3 Nf6 3. g3 Nc6 4. Bg2 h6 5. d4 e6 6. d5 exd5 7. cxd5 Nd4 8. Nxd4
cxd4 9. Qxd4 Bd6 10. e4 Qa5+ 11. Bd2 Qc5 12. Qxc5 Bxc5 13. b4 Bb6 14. Nc3 Ng4
15. O-O O-O 16. h3 Ne5 17. Rad1 Nc4 18. Kh1 d6 19. a4 a5 20. b5 Bc5 21. Bf3
Nxd2 22. Rxd2 Bb4 23. Rc2 b6 24. Rfc1 Bc5 25. Nb1 Bxf2 26. Rxf2 f5 27. Rc4 fxe4
28. Rxe4 Bf5 29. Re1 Bxh3 30. Kh2 Bg4 31. Kg2 h5 32. Bxg4 hxg4 33. Re6 Rxf2+
34. Kxf2 Rf8+ 35. Ke2 Rf6 36. Rxf6 gxf6 37. Ke3 Kg7 38. Kf4 Kg6 39. Nd2 f5 40.
Nc4 1-0

[Event "Klubbmesterskapet 2018 (A)"]
[Site "Ås, Akershus NOR"]
[Date "2018.03.08"]
[Round "7"]
[White "Kielland-Lund, Jon"]
[Black "Johnson, David"]
[Result "1-0"]
[WhiteElo "1709"]
[BlackElo "1695"]
[PlyCount "105"]
[EventDate "2018.01.11"]

1. c4 e5 2. Nc3 Nc6 3. g3 Bc5 4. Bg2 d6 5. e3 a6 6. Nge2 Bg4 7. O-O Qd7 8. Re1
h5 9. f3 Bf5 10. d4 exd4 11. exd4 Ba7 12. a3 O-O-O 13. h4 Re8 14. Ne4 f6 15. b4
Bh3 16. b5 axb5 17. cxb5 Nce7 18. a4 Nd5 19. Ra3 Nge7 20. Kh2 Be6 21. Nf4 Nxf4
22. Bxf4 Nf5 23. d5 Bf7 24. Bh3 Kb8 25. Qd2 Re7 26. a5 Rhe8 27. b6 cxb6 28.
axb6 Bxb6 29. Qa2 Re5 30. Ra8+ Kc7 31. Rc1+ Qc6 32. Rxc6+ bxc6 33. Rxe8 Rxd5
34. Bxf5 Bxe8 35. Be6 Rd1 36. Bxd6+ Rxd6 37. Nxd6 Kxd6 38. Bf7 Bd7 39. Bxh5 Be6
40. Qd2+ Kc7 41. Bg4 Bd5 42. Qf4+ Kb7 43. Qd6 Ka6 44. f4 Bd4 45. Be6 Bxe6 46.
Qxd4 Bg4 47. Qc5 Kb7 48. f5 Kc7 49. Kg2 Kd7 50. Kf2 Bh5 51. Ke3 g6 52. Kf4 Kc7
53. g4 1-0

[Event "Klubbmesterskapet 2018 (A)"]
[Site "Ås, Akershus NOR"]
[Date "2018.04.05"]
[Round "7"]
[White "Bø, Martin"]
[Black "Lange, Holger"]
[Result "0-1"]
[WhiteElo "1664"]
[BlackElo "1761"]
[PlyCount "78"]
[EventDate "2018.01.11"]

1. d4 Nf6 2. c4 e6 3. Nf3 b6 4. g3 Bb7 5. Bg2 Bb4+ 6. Bd2 Bxd2+ 7. Nbxd2 O-O 8.
O-O d6 9. Qc2 Nbd7 10. e4 e5 11. b4 exd4 12. Nxd4 Re8 13. f4 Rc8 14. Rad1 a6
15. Rfe1 g6 16. f5 Ne5 17. a3 Qe7 18. Re2 Red8 19. Rf1 c5 20. N4f3 cxb4 21.
axb4 Nfd7 22. Nxe5 dxe5 23. Qc3 f6 24. fxg6 hxg6 25. Ref2 Rf8 26. Bh3 Rcd8 27.
Qb3 Kg7 28. Qc3 Nb8 29. Bg2 Nc6 30. c5 b5 31. Nb3 Nd4 32. Rd2 Nxb3 33. Rxd8
Qxd8 34. Qxb3 Qd4+ 35. Rf2 Re8 36. Qf3 f5 37. Qb3 Bxe4 38. Bxe4 Qxe4 39. Rd2
Qe1+ 0-1

[Event "Klubbmesterskapet 2018 (A)"]
[Site "Ås, Akershus NOR"]
[Date "2018.03.08"]
[Round "7"]
[White "Moberg, Jan Rune"]
[Black "Andersen, Odd"]
[Result "1/2-1/2"]
[WhiteElo "1690"]
[BlackElo "1775"]
[Annotator "Lea, Per"]
[PlyCount "157"]
[EventDate "2018.01.11"]

1. c4 c6 2. Nf3 d5 3. d4 Nf6 4. Qc2 e6 5. a3 a5 6. Bf4 Bd6 7. Bg5 Nbd7 8. Nc3
Be7 9. e3 O-O 10. Rc1 Re8 11. Be2 Qc7 12. O-O Bd6 13. cxd5 exd5 14. Nb5 Qb8 15.
Nxd6 Qxd6 16. Bf4 Qe7 17. Bd3 Nf8 18. Ne5 Ng6 19. Nxg6 hxg6 20. Bg5 Qd6 21. Bf4
Qe6 (21... Qe7 22. Rfe1 Nh5 23. Be5 f5 24. g4 Nf6 25. gxf5 gxf5 26. f3 Kf7 27.
Re2 Bd7 28. Rg2 g6 29. Kh1 Rg8 30. Rcg1 Rae8 31. Qf2 c5 32. Qh4 cxd4 33. Bxd4
Rg7 34. Qh6 Reg8 35. Qf4 Rc8 36. Rf1 Rh7 37. Rfg1 Nh5 38. Qe5 Rg8 39. Bxf5 Qxe5
40. Bxe5 Bxf5 41. Rg5 Ng7 42. Rc1 Rc8 43. Rxf5+ Nxf5 44. Rxc8 Ke6) 22. Rfe1 Nh5
23. Be5 f5 24. g4 Nf6 25. gxf5 gxf5 26. f3 Kf7 27. Re2 Bd7 28. Rg2 g6 29. Kh1
Rg8 30. Rcg1 Rae8 31. Qf2 c5 32. Qh4 cxd4 33. Bxd4 Rg7 34. Qh6 Reg8 35. Qf4 Rc8
36. Rf1 Rh7 37. Rfg1 Nh5 38. Qg5 Rg8 39. Bxf5 Qxf5 40. Qxf5+ Bxf5 41. Rg5 Ng7
42. Rc1 Rc8 43. Rxf5+ Nxf5 44. Rxc8 Ke6 45. Rc5 Nxd4 46. exd4 Rh4 47. Rxa5 Rxd4
48. Rb5 Kf5 49. Kg2 Kf4 50. Rxb7 Rd2+ 51. Kg1 Kxf3 52. Rf7+ Ke3 53. b4 Rd1+ 54.
Kg2 Ra1 55. h4 d4 56. Rf3+ Ke2 57. Rg3 d3 58. Rxg6 d2 59. Re6+ Kd3 60. h5 Rg1+
61. Kxg1 d1=Q+ 62. Kf2 Qxh5 63. Re3+ Kc4 64. Ke1 Qh1+ 65. Ke2 Qg2+ 66. Kd1 Qf1+
67. Kd2 Qb1 68. Rc3+ Kd4 69. Rg3 Qb2+ 70. Ke1 Ke4 71. Kd1 Qb1+ 72. Kd2 Qb2+ 73.
Kd1 Qd4+ 74. Kc1 Qc4+ $4 {Selv om Stockfish gir svart en fordel på ca tre og
en halv bonde, klarer hvit med beste spill å holde remis her. Men det er ikke
lett å se over brettet med få minutter igjen på klokka.} ({Den raskeste
Nalimov-vinsten går slik:} 74... Kd5 75. Rb3 Kc4 76. Rb2 Qe4 77. Kd2 Qd3+ 78.
Ke1 Qe3+ 79. Re2 Qc1+ 80. Kf2 Kd3 81. Re1 Qd2+ 82. Kf1 Qh2 83. Re8 (83. a4 Kd2
84. Re8 Qh5 85. Re7 Qf5+ 86. Kg2 Qg5+) (83. b5 Kd2 84. Re7 Qh1+ 85. Kf2 Qh4+)
83... Qh3+ 84. Kg1 Qg4+ 85. Kf2 Qf5+ 86. Kg3 Qg6+ {I alle variantene vinner
svart tårnet og vinner lett}) 75. Kb2 Qe2+ 76. Kb3 Qd1+ 77. Kb2 Qd2+ 78. Kb3
Kf4 79. Rc3 {Selv om Stockfish 9 gir svart en fordel tilsvarende 3 bønder -
noe som tilsvarer den rent matematiske fordelen på brettet - så holder hvit
remis ved korrekt spill i følge Nalimov-basen} 1/2-1/2

[Event "Klubbmesterskapet 2018 (A)"]
[Site "Ås, Akershus NOR"]
[Date "2018.04.05"]
[Round "7"]
[White "Furnes, Torstein"]
[Black "Midtgard, Anders"]
[Result "1/2-1/2"]
[WhiteElo "1765"]
[BlackElo "1623"]
[Annotator "Furnes, Torstein"]
[PlyCount "97"]
[EventDate "2018.01.11"]

1. d4 d5 2. c4 e6 3. Nc3 f5 4. Nf3 c6 5. Bg5 Nf6 6. e3 Bd6 7. c5 Bc7 8. Ne5 O-O
9. Bd3 {Så langt har vi fulgt partier som tidligere er spilt hos ChessBase,
men svarts neste trekk finnes ikke i basen.} b6 10. b4 bxc5 11. bxc5 h6 12.
Bxf6 Qxf6 13. f4 Bxe5 14. fxe5 Qg5 15. Qe2 Bd7 16. O-O Be8 17. Rab1 Bh5 18. Qf2
Nd7 19. Ba6 Rab8 20. Bb7 Qe7 21. Bxc6 Nxc5 $1 {En interessant stilling med
mange muligheter å beregne. Slår jeg springeren på c5, følger Dxc5 med
dobbelttrussel på Sc3 og Lc6, samt at jeg får en svak dobbeltbonde i e-linjen.}
22. Bb5 $6 $11 ({Førstevalget til Fritz er} 22. Rxb8 Rxb8 23. Bxd5 exd5 24.
Qxf5 Ne4 25. Nxd5 Qh4 26. Nf4 Ng5 $14) 22... Ne4 23. Nxe4 fxe4 24. Qc2 Qa3 25.
Rxf8+ Rxf8 26. Rb3 Qa5 27. Rb1 Rb8 28. Bd7 Rxb1+ 29. Qxb1 Qa6 30. Qf1 Qb6 31.
Qb5 Qxb5 32. Bxb5 {Med remistilbud} Kf7 33. Kf2 Ke7 34. Ke1 Be8 35. Bxe8 Kxe8
36. Kd2 Kd7 37. Kc3 Kc6 38. Kb4 Kb6 39. a4 a5+ 40. Kc3 Kc7 41. Kd2 Kd7 42. Ke2
Ke7 43. Kf2 Kf7 44. Kg3 g5 45. Kh3 Kg6 46. g4 h5 47. Kg3 Kh6 48. h3 Kg6 49. Kf2
1/2-1/2

[Event "Klubbmesterskapet 2018 (B)"]
[Site "Ås, Akershus NOR"]
[Date "2018.03.16"]
[Round "7"]
[White "Olsen, Trygve"]
[Black "Rønbeck, Bjørn"]
[Result "1-0"]
[WhiteElo "1461"]
[BlackElo "1184"]
[Annotator "Lea, Per"]
[PlyCount "149"]
[EventDate "2018.01.11"]

1. e4 c5 2. Nf3 Nc6 3. Bc4 ({Trygve Olsen spesial! "Alle andre" spiller} 3. d4)
3... e6 4. a3 Nf6 5. e5 Nd5 $2 (5... Ng4 {vinner e-bonden:} 6. Qe2 Qc7) 6. d3
b5 7. Bxd5 exd5 8. O-O d4 9. c3 Be7 10. cxd4 cxd4 11. Nbd2 O-O 12. Nb3 f6 13.
Nbxd4 Nxd4 14. Nxd4 fxe5 15. Nxb5 Rf6 (15... d5 {gir en omtrent lik stilling:
svart har løperparet og sterke sentrumsbønder - svart har en svak d-bonde.})
16. Nc3 (16. d4 exd4 17. Bg5 Re6 18. Bxe7 Rxe7 19. Qxd4 Ba6 20. Rfe1 Rxe1+ 21.
Rxe1 Bxb5 22. Qd5+ Kh8 23. Qxb5 {med klar fordel for hvit: ekstrabonde og mer
aktive offiserer}) 16... Rg6 17. Qe2 d5 18. Qxe5 Bh3 19. g3 Bxf1 20. Kxf1 {
Hvit har springer og to bønder for springeren - nesten kompensasjon.} Bf6 $2 {
Gir bort en bonde helt unødvendig - hvit får en liten fordel} (20... Rd6 21. d4
Bf6 22. Qe2 Qd7 $11 (22... Bxd4 $2 23. Nb5 $1 Bf6 24. Nxd6 Qxd6 {med fordel
for hvit})) 21. Qxd5+ Qxd5 22. Nxd5 Bd8 23. Be3 Rd6 24. Nf4 Bb6 25. Ke2 Re8 26.
Kd2 Red8 27. Rc1 g5 28. Bxb6 axb6 29. Nh5 Rxd3+ 30. Ke1 Rd2 {Veldig naturlig å
besette andreraden på denne måten} ({Stockfish påstår at} 30... Kf7 {er bedre
f.eks.:} 31. Rc7+ R8d7 32. Rxd7+ Rxd7 33. Ke2 b5 34. g4 b4 35. Ng3 bxa3 36.
bxa3 Ra7 37. Ne4 Kg6 38. h3 Rxa3 39. Ng3 {med fordel for svart, men siden
bøndene er såpass samlet, er det mulig at hvit har remissjanser}) 31. Nf6+ (31.
Rc7 Rxb2 $2 32. Nf6+ Kh8 $4 33. Rxh7# {hadde vært en morsom variant...}) 31...
Kg7 32. Ne4 Rxb2 33. Nxg5 Re8+ 34. Kf1 h6 35. Nh3 Re7 36. Rc3 Ra7 37. Nf4 Ra2
38. Rb3 Rb7 (38... Ra6 {vinner ikke a-bonden:} 39. Rb4 R2xa3 40. Nd5) 39. Ne6+
{Stillingen er i balanse} Kf6 40. Nc5 Re7 41. Rxb6+ Kg7 42. Rb3 Re5 43. Rc3 Rh5
44. Kg2 Rf5 45. Nd3 Rf7 46. Nf4 Kh7 47. h4 Ra7 48. Kf3 R2xa3 49. Rxa3 Rxa3+ 50.
Kg4 Ra2 51. f3 Ra5 52. h5 Kg7 53. Ng6 Kf6 54. f4 Ra1 55. Nh8 Ra3 56. Ng6 Ra8
57. Kh4 Ra1 58. Kg4 Rh1 59. Nh4 {Samme kommentar som for 20 trekk siden!} Ra1
60. Nf5 Rh1 $4 {Tapstrekk...} (60... Ra8 61. Ne3 {med remisstilling} (61. Nxh6
Rh8 62. Nf5 Rg8+ 63. Kf3 Kxf5 {og svart vinner})) 61. Nxh6 Rh2 62. Nf5 Rh1 63.
Nd6 Ke6 64. Ne4 Re1 65. f5+ Ke5 66. h6 Kxe4 67. Kg5 (67. f6 {er enda enklere:}
Ke5 68. f7 Rf1 69. h7 {og hvit får ny dronning}) 67... Ke5 68. g4 Rh1 69. Kg6
Rh4 70. g5 Kd6 71. h7 Ke7 {Hvit kan matte i 15 trekk} 72. Kg7 {Det eneste som
vinner} (72. f6+ {kunne se fristende ut, men etter} Kf8 73. f7 Rh2 74. Kf6 Rxh7
75. g6 Rh6 76. Kg5 Rh2 {er det svart som vinner! Svart får satt kongen på g7,
og begge bøndene faller.}) 72... Rh5 73. f6+ Ke8 74. f7+ Kd7 75. g6 {Svart kan
ikke hindre hvit i å få minst 2 dronninger} 1-0

[Event "Klubbmesterskapet 2018 (B)"]
[Site "Ås, Akershus NOR"]
[Date "2018.03.08"]
[Round "7"]
[White "Samset, Jon"]
[Black "Thowsen, Alf Geir"]
[Result "0-1"]
[WhiteElo "1411"]
[BlackElo "1403"]
[Annotator "Lea, Per"]
[PlyCount "150"]
[EventDate "2018.01.11"]

1. d4 Nf6 2. d5 d6 3. Bg5 {Her er spillerne langt utenfor de opptråkkede
teoristier. Stockfish er da heller ikke spesielt begeistret for hvits spill
her.} c6 4. Bxf6 exf6 5. e4 Bd7 6. Bc4 Qb6 7. b3 Be7 8. c3 O-O 9. Qh5 g6 10.
Qh6 c5 {Overlater initiativet til hvit} (10... f5 {med planen å få spilt
løperen til g7 var mer fornuftig}) 11. Nd2 Qd8 12. Ngf3 Re8 13. h4 Bf8 14. Qf4
Bc8 15. g4 Nd7 16. g5 f5 17. h5 Ne5 18. Nxe5 Rxe5 19. hxg6 fxg6 20. O-O-O Qe7
21. f3 Qg7 22. Kc2 Bd7 23. Rdg1 Rae8 24. Bd3 fxe4 25. Nxe4 Be7 26. c4 Rf8 27.
Qg3 Ref5 28. Nf6+ R5xf6 29. gxf6 Qxf6 30. Rf1 Rf7 31. f4 Bd8 32. f5 g5 33. Rh5
h6 34. Rfh1 Rh7 35. Qh3 Kg7 36. Rxg5+ Qxg5 37. f6+ Kf8 38. Qh2 Rf7 39. Qxd6+
Kg8 40. Rh2 Bxf6 41. Qxc5 b6 42. Qd6 Be5 43. Qxh6 Qxh6 44. Rxh6 Rf2+ 45. Kd1
Bg4+ 46. Ke1 Rf6 47. Rxf6 Bxf6 48. b4 Kf8 49. d6 Ke8 50. c5 bxc5 51. bxc5 Bd7
52. Ke2 Bd4 53. Bg6+ Kd8 54. c6 Bxc6 55. Bf5 Bc5 56. d7 a5 57. Kd3 Bd5 58. a4
Bb3 59. Kc3 Bxa4 60. Kc4 Bb4 61. Be6 Bxd7 62. Bg8 Kc7 63. Kd4 Kd6 64. Kc4 Be6+
65. Bxe6 Kxe6 66. Kb5 Kd5 67. Ka4 Kc5 68. Kb3 Kb5 69. Ka2 Kc4 70. Kb2 a4 71.
Ka2 Kc3 72. Kb1 Kb3 73. Ka1 Bc3+ 74. Kb1 a3 75. Kc1 a2 0-1

[Event "Klubbmesterskapet 2018 (B)"]
[Site "Ås, Akershus NOR"]
[Date "2018.03.08"]
[Round "7"]
[White "Stensland, Martin"]
[Black "Petersen, Rune J"]
[Result "1/2-1/2"]
[WhiteElo "1245"]
[BlackElo "1219"]
[Annotator "Lea, Per"]
[PlyCount "83"]
[EventDate "2018.01.11"]

1. Nf3 Nf6 2. c4 d6 3. Nc3 Nc6 4. d3 e5 5. Bg5 Be7 6. h3 Bd7 7. Bxf6 Bxf6 8.
Nd5 O-O 9. Rb1 Nd4 10. Nd2 c6 11. Nxf6+ Qxf6 12. Ne4 Qe7 13. e3 f5 14. Nd2 Ne6
15. Be2 {Hvits brikker står klossete og det er ikke lett å finne en fornuftig
plan.} f4 16. exf4 $2 (16. e4 f3 17. Nxf3 Nf4 18. Kf1 Qf6 19. Qd2 d5 {og svart
har litt spill for den ofrede bonden, men ingen klar vinst som etter
teksttrekket.}) 16... Nxf4 17. Bf1 c5 (17... Bf5 18. Qb3 Qg5 19. g3 Ne6 20. Be2
Qf6 21. Rh2 (21. Qxb7 $2 Nd4 22. h4 Nxe2 23. Kxe2 Bg4+ 24. f3 Bxf3+ 25. Nxf3
Qxf3+ 26. Kd2 e4 {er knusende for svart})) 18. Ne4 Bc6 {Ser naturlig ut} ({En
bedre plan er allikevel} 18... Be8 19. Qd2 Bh5 20. g4 Bf7 21. Rg1 b6 {med klar
fordel for svart}) 19. Qg4 Bxe4 20. dxe4 Rf6 21. h4 Raf8 22. Qd1 Ne6 $1 {En
god plan: springeren får et gullfelt på d4 hvorfra den aldri kan bli truet
bort, og hvis hvit vil bli kvitt den, må han ofre materiell.} 23. f3 Nd4 24.
Rh3 Rf4 25. h5 Rh4 26. Be2 ({Selv om svart vinner en bonde også her, så er det
bedre å holde noen av bøndene samlet. Svake bønder i h-linja er ikke noe
vakkert syn.} 26. Rxh4) 26... Rxh3 27. gxh3 Qh4+ 28. Kd2 Qxh3 ({Enda bedre er} 
28... Qf2 29. Kd3 Nxe2 30. Qxe2 Rxf3+ 31. Kd2 Qd4+ 32. Kc1 Rf2 33. Qxf2 {Alt
annet fører til matt i 3 trekk} ({f.eks.:} 33. Qe1 Qxc4+ 34. Qc3 Qf1+ 35. Qe1
Qxe1#)) 29. b4 b6 {Ingen grunn til å forsvare betydningsløse bønder} ({Bedre å
plage hvits konge, selv om det ikke er så lett å se denne varianten ved
brettet. Men det er egentlig bare snakk om å komme med trusler og vente med
eventuelt å trekke i nødbremsen til det er behov for det.} 29... Qh2 30. Ke3
Qf4+ 31. Kd3 d5 32. cxd5 c4+ 33. Kxc4 Qe3 34. d6 Rc8+ 35. Kd5 Nxe2 36. d7 Nc3+
37. Kxe5 Qg5+ 38. Kd4 Nb5+ 39. Kd3 Rc3+ 40. Ke2 Qg2+ 41. Ke1 Re3+ 42. Qe2 Qxe2#
) 30. bxc5 dxc5 31. Rc1 Nxf3+ 32. Kc2 Nd4+ 33. Kb1 Nxe2 ({Hvorfor ikke plage
hvit enda mer? Det er logisk å få med seg tårnet i spill også - hvit er bundet
på hender og føtter.} 33... Rf2) 34. Qxe2 g6 35. Qd2 Qxh5 36. Qd5+ Rf7 {Gir
hvit nesten noe som kan likne på litt motspill} ({Etter} 36... Kg7 37. Qd7+ Rf7
{har ikke hvit noen fornuftig plan}) 37. Rf1 g5 38. Qe6 $2 ({Hvit bør klare å
holde dronningsluttspillet etter:} 38. Qd8+ Kg7 39. Rxf7+ Kxf7 40. Qd7+ Kf6 41.
Qd6+ Kg7 42. Qe7+ Qf7 43. Qxg5+) 38... Qg6 ({Bedre:} 38... h6 39. Rf5 Qd1+ 40.
Kb2 Qd7 41. Qg6+ Rg7 42. Qxh6 Qd2+ 43. Kb1 Qb4+ 44. Ka1 Qxc4 45. a3 (45. Rxg5
Qc1#) 45... Qb3 (45... Qc3+) 46. Rxg5 Qd1+ 47. Kb2 Qd2+ 48. Kb3 Qxg5 49. Qe6+
Rf7 50. Ka4 {og svart vinner greit}) 39. Qe8+ Kg7 40. Qxe5+ Rf6 41. Qe7+ ({
Litt hardere motstand gjør:} 41. Rd1 h6 42. Rd7+ Kg8 43. Qd5+ Rf7 44. Rd6 Qh5)
41... Qf7 42. Qe5 ({Etter} 42. Qe5 Kg6 43. Rd1 Rf1 44. Qd6+ Qf6 45. Qxf6+ Rxf6
{bør svart vinne enkelt med sine to sammenhengende fribønder. Alle hvits
bønder er svake og faller fort.}) 1/2-1/2

[Event "Klubbmesterskapet 2018 (A)"]
[Site "Ås, Akershus NOR"]
[Date "2018.04.26"]
[Round "8"]
[White "Lange, Holger"]
[Black "Lund, Petter"]
[Result "1/2-1/2"]
[WhiteElo "1761"]
[BlackElo "1658"]
[Annotator "Furnes, Torstein"]
[PlyCount "122"]
[EventDate "2018.01.11"]

1. e4 e5 2. Nf3 Nc6 3. d4 exd4 4. Bc4 Bb4+ 5. c3 dxc3 6. O-O Nge7 7. bxc3 Bd6
8. Ng5 Ne5 9. Bb3 h6 10. f4 Bc5+ 11. Kh1 hxg5 12. fxe5 d5 13. exd6 Qxd6 14.
Bxf7+ Kd8 15. e5 Qd7 16. Qe2 Nf5 17. Bxg5+ Be7 18. Qf3 $19 (18. Qg4 $18) 18...
Bxg5 19. Rd1 Ke7 $18 ({Her hadde svart muligheten til forsert matt i 4 trekk:} 
19... Ng3+ $1 20. Kg1 Be3+ 21. Qxe3 Qxd1+ 22. Kf2 Nh1#) 20. Rxd7+ Bxd7 21. e6
Bxe6 22. Bxe6 Kxe6 23. Na3 Be3 24. g4 Rxh2+ 25. Kxh2 Rh8+ 26. Kg2 $17 (26. Qh3
$1 Bf4+ 27. Kg2 Ne3+ 28. Qxe3+ Bxe3 29. Re1 $18) 26... Nh4+ 27. Kg3 Nxf3 28.
Kxf3 Bd2 29. Nb5 Bxc3 30. Rc1 Rf8+ 31. Ke4 Be5 32. Nxc7+ Bxc7 33. Rxc7 Rf7 34.
Rc5 Kd6 35. Rd5+ Kc6 36. Re5 Rf2 37. Ra5 a6 38. Ke3 Rf7 39. Ke4 Kd6 40. Rd5+
Kc6 41. Ra5 Kd6 42. Rd5+ Ke6 43. Re5+ Kf6 44. Ra5 Rc7 45. Kd4 Rc6 46. Rf5+ Kg6
47. Ra5 Rb6 48. Kc5 Rc6+ 49. Kd4 b5 50. Kd5 Rf6 51. Ke4 Kg5 52. Ke3 Kxg4 53. a4
Rf3+ 54. Ke2 Ra3 $11 {Etter dette tårntrekket er sluttspillet teoretisk remis
resten av partiet. En vinstplan for svart kunne vært å føre g-bonden inn til
dronning ved hjelp av "brobyggings-teknikken" (etter at bøndene på
dronningfløyen er forsvunnet).} (54... g5 55. axb5 axb5 56. Rxb5 Rf4 {med matt
i 31 trekk.}) (54... bxa4 55. Rxa4+ Rf4 {med matt i 33 trekk.}) (54... Rf5 55.
Rxa6 bxa4 56. Rg6+ Rg5 57. Ra6 Re5+ {med matt i 33 trekk.}) 55. Rxa6 Ra2+ 56.
Kd3 Ra3+ 57. Kc2 g5 58. axb5 Re3 59. b6 Re7 60. Ra7 Re6 61. Ra6 Re7 1/2-1/2

[Event "Klubbmesterskapet 2018 (A)"]
[Site "Ås, Akershus NOR"]
[Date "2018.03.22"]
[Round "8"]
[White "Johnson, David"]
[Black "Midtgard, Anders"]
[Result "0-1"]
[WhiteElo "1695"]
[BlackElo "1623"]
[PlyCount "104"]
[EventDate "2018.01.11"]

1. e4 c5 2. Nf3 Nc6 3. a3 g6 4. Bc4 Bg7 5. Nc3 Nf6 6. d3 d6 7. Bg5 O-O 8. h4 h6
9. Bf4 Bg4 10. Qd2 Bxf3 11. gxf3 Nd4 12. O-O-O b5 13. Nxb5 Nxb5 14. Bxh6 Qb6
15. Bxg7 Kxg7 16. Rdg1 Rh8 17. f4 Nd4 18. Qe3 Rab8 19. b3 d5 20. exd5 Qd6 21.
Rg5 Qxf4 22. Re5 Qxe3+ 23. fxe3 Nf5 24. e4 Rxh4 25. Rxh4 Nxh4 26. Rxe7 Rd8 27.
Rxa7 g5 28. d6 Rd7 29. Rc7 g4 30. Kd1 g3 31. Ke2 g2 32. Kf2 Ng4+ 33. Kg1 Ne3
34. Kf2 Nf3 35. Rxd7 g1=Q+ 36. Kxf3 Qg4+ 37. Kxe3 Qxd7 38. e5 Qf5 39. d4 Qg5+
40. Kd3 cxd4 41. Kxd4 f6 42. exf6+ Kxf6 43. d7 Qe5+ 44. Kd3 Qf5+ 45. Kc3 Qxd7
46. a4 Ke5 47. Kb4 Qd6+ 48. Kb5 Kd4 49. Bd3 Qd7+ 50. Kb4 Qc6 51. a5 Qc5+ 52.
Ka4 Kc3 0-1

[Event "Klubbmesterskapet 2018 (A)"]
[Site "Ås, Akershus NOR"]
[Date "2018.03.22"]
[Round "8"]
[White "Andersen, Odd"]
[Black "Furnes, Torstein"]
[Result "0-1"]
[WhiteElo "1775"]
[BlackElo "1765"]
[Annotator "Furnes, Torstein"]
[PlyCount "52"]
[EventDate "2018.01.11"]

1. d4 d5 2. c4 e6 3. Nf3 Nf6 4. e3 Be7 5. Nc3 O-O 6. Be2 b6 7. cxd5 Nxd5 8. e4
Nxc3 9. bxc3 Bb7 10. Qc2 Nd7 11. O-O c5 12. Bd3 cxd4 13. cxd4 Rc8 14. Qe2 Nf6
15. Bb2 Bb4 16. Rac1 Qe7 17. Rxc8 Rxc8 18. Rc1 Rxc1+ 19. Bxc1 Qc7 20. Bb2 Qc6
21. Ne5 Qa4 22. f3 Qxa2 23. Bc4 Qb1+ 24. Kf2 a5 ({Svart hadde her muligheten} 
24... Bxe4 $3 25. fxe4 Nxe4+ 26. Ke3 Bd2+ 27. Kf3 Ng5+ 28. Kf2 Qxb2 $19) 25.
Bd3 Qh1 26. Qc2 $4 Qe1# 0-1